000 00792nam a22001337a 4500
040 _cRUA
082 _aVEM CHH 2014 B443 Or.1
100 _aCHHIM SOPHY;​ ឈឹម សុភី
245 _aObservation on piglet diarrhea during breast-feeds at preyphdov village, trapankorng commune, samrongtong district, kampong speu province; ការអង្កេតពីជំងឺរាកកូនជ្រូកអំឡុងពេលបៅដោះនៅភូមិព្រៃផ្ដៅ ឃុំត្រពាំងគង ស្រុកសមរោងទង ខេត្តកំពង់ស្ពឺ
260 _aPhnom Penh
_bRUA
_c2014
300 _ax;42p.
_bill.
_c29cm.
856 _uhttps://drive.google.com/file/d/1H3UwZF8yORzaZqVGtLTiJNbgnZhg7iOA/view?usp=sharing
942 _cVEM
999 _c7322
_d7322